00916cam a22002773a 45000010005000000030006000050050017000110080041000280400015000690420007000840500007000911000037000982450079001352600029002145000018002435060073002615160020003346530045003546530054003996530026004536530014004796530053004936530023005468300028005698560041005971120PGUSA20140828082957.0971101s1997||||xxu|||||s|||||000 | eng d aPGUSAbeng adc 4aPR1 aShakespeare, William,d1564-161614aThe Tragedy of Julius Caesarh[electronic resource] /cWilliam Shakespeare bProject Gutenberg,c1997 aWorld Library aCopyrighted. Read the copyright notice inside this book for details. aElectronic text aCaesar, Julius -- Assassination -- Drama aRome -- History -- Civil War, 43-31 B.C. -- Drama aConspiracies -- Drama aTragedies aBrutus, Marcus Junius, 85 B.C.?-42 B.C. -- Drama aAssassins -- Drama 0aProject Gutenbergv112040uhttp://www.gutenberg.org/ebooks/1120